| 000 | 00532nam a2200193Ia 4500 | ||
|---|---|---|---|
| 003 | IN-BaIIA | ||
| 008 | 211028s9999 xx 000 0 eng d | ||
| 040 | _cIIA Library | ||
| 080 |
_a50 _bMAR |
||
| 100 |
_aMargenau, H. _93235 |
||
| 245 | 4 |
_aThe scientist _cH. Margenau and D. Bergamini |
|
| 260 |
_aNew York _bWiley _c1962 |
||
| 300 | _a200p. | ||
| 650 | _aNASA Thesaurus | ||
| 650 |
_aScience _91299 |
||
| 650 |
_aScientist _96200 |
||
| 700 |
_aBergamini, D. _96201 |
||
| 942 | _cBK | ||
| 999 |
_c3502 _d3502 |
||